intercropping systems between hevea rows at the research station of the rubber rubber research institute of cambodia ( ប្រព័ន្ធដំណាំចន្លោះរងកៅស៊ូនៅស្តានីយ៍ពិសោធន៍នៃវីទ្យាស្តានស្រាវជ្រាវកៅស៊ូកម្ពូជា) (Record no. 854)

000 -LEADER
fixed length control field 00713nam a22001577a 4500
003 - CONTROL NUMBER IDENTIFIER
control field OSt
005 - DATE AND TIME OF LATEST TRANSACTION
control field 20150919155523.0
008 - FIXED-LENGTH DATA ELEMENTS--GENERAL INFORMATION
fixed length control field 150919b xxu||||| |||| 00| 0 eng d
040 ## - CATALOGING SOURCE
Transcribing agency RUA
082 ## - DEWEY DECIMAL CLASSIFICATION NUMBER
Classification number AGR YIN 2004 B030 Or.1
100 ## - MAIN ENTRY--PERSONAL NAME
9 (RLIN) 886
Personal name YIN, PHANADETH.
245 ## - TITLE STATEMENT
Title intercropping systems between hevea rows at the research station of the rubber rubber research institute of cambodia ( ប្រព័ន្ធដំណាំចន្លោះរងកៅស៊ូនៅស្តានីយ៍ពិសោធន៍នៃវីទ្យាស្តានស្រាវជ្រាវកៅស៊ូកម្ពូជា)
260 ## - PUBLICATION, DISTRIBUTION, ETC. (IMPRINT)
Place of publication, distribution, etc. Phnom Penh
Name of publisher, distributor, etc. RUA
Date of publication, distribution, etc. 2004
300 ## - PHYSICAL DESCRIPTION
Extent 50p.
Other physical details ill.
Dimensions 29cm.
942 ## - ADDED ENTRY ELEMENTS (KOHA)
Source of classification or shelving scheme
Koha item type AGR
Holdings
Price effective from Date last seen Permanent Location Not for loan Date acquired Source of classification or shelving scheme Koha item type Lost status Withdrawn status Date last checked out Total Checkouts Shelving location Damaged status Barcode Current Location Full call number
2015-09-192016-03-31Library Block B 2015-09-19 AGR  2016-03-231B030 RUA001100Library Block BAGR YIN 2004 B030 Or.1
មជ្ឈមណ្ឌលឯការនៃសាកលវិទ្យាល័យភូមិន្ទកសិកម្មចំការដូង

Powered by Koha